000 00564nam a2200229Ia 4500
003 OSt
005 20221005131755.0
006 a|||||r|||| 00| 0
007 ta
008 221004b |||||||| |||| 00| 0 san d
024 _a65895
037 _cTextual
040 _aCRL
_cCRL
_bsan
041 _2san
_asan
082 _aWx, 15B2.1
100 _aSukra
_9640064
245 0 _aSukranitisara edited by Gustav Oppert. V1.
260 _c1882
650 _aPOLITICAL SCIENCE
942 _hWx, 15B2.1
_cTEXL
_2cc
999 _c1061362
_d1061362